000 00554nam a22001817a 4500
003 JO-AjAnu
005 20260418054655.0
008 260418b jo ||||| |||| 00| 0 ara d
022 _a2605/5/2022
040 _aanu
_cJO-AjAnu
041 _hara
100 _aالسرحان، محمود قظام
_eمؤلف
_966935
245 _aلا تغضب: إدارة الغضب
_c/ محمود قظام السرحان
260 _aعمان:
_bالمؤلف،
_c2022
300 _a313 صفحة
650 _vالسلوك-جوانب نفسية
942 _2lcc
_cBK
_n0
999 _c34165
_d34165